Tracks on Kendrick Lamar's DAMN. - Statistics

General Stats
  • This quiz has been taken 2,580 times
  • The average score is 12 of 14
Answer Stats
Answer % Correct
HUMBLE.
95%
DNA.
94%
DUCKWORTH.
92%
LOVE.
92%
BLOOD.
84%
LOYALTY.
84%
XXX.
84%
PRIDE.
83%
GOD.
81%
LUST.
81%
FEAR.
80%
ELEMENT.
78%
YAH.
75%
FEEL.
71%
No matching quizzes found
Score Distribution
Percent of People with Each Score
Percentile by Number Answered
Your Score History
You have not taken this quiz